"Východ" ako ohrozenie (o medializácii obrazov Slovenska v rakúskej tlači)

Bibliographic Details
Main Author: Farkašová, Etela, 1943- (Author)
Format: Article
Language:Slovak
PhysicalDescription:Fotogr.
ISSN:0862-5999
Subjects:

MARC

LEADER 00000nab a2200000 a 4500
001 vtls000725530
003 SK-MaSNL
005 20260305011049.0
008 250429c2000 xo 0 slo
015 |a SNBRB2000/06-17363 
035 |a CLN000077693 
035 |a urn:nbn:sk:snk-abahn9 
035 |a (urnnbn)urn:nbn:sk:snk:ar-008bk8 
035 |a (uuid)14ef4d6b-b7c5-45a4-a9db-efed9817e8ac 
040 |a SNKBUCL  |b slo  |c SNKBUCL  |e AACR2 
041 0 |a slo 
044 |a xo  |c SK 
080 |a 885.4-4  |2 1997 
080 |a 659.2:05(436)  |2 1997 
080 |a 05(436):908.437.6  |2 1997 
080 |a 908.437.6:05(436)  |2 1997 
100 1 |a Farkašová, Etela,  |d 1943-  |4 aut  |9 100186 
245 1 0 |a "Východ" ako ohrozenie  |b (o medializácii obrazov Slovenska v rakúskej tlači)  |c Etela Farkašová 
300 |b Fotogr. 
650 0 7 |a eseje, slovenské  |2 snkbucl  |9 304982 
651 7 |a Slovensko  |x tlač rakúska  |x medializácia  |2 snkbucl  |9 1586798 
655 7 |a články z novín a časopisov  |2 snkbucl  |9 267496 
773 0 |t Literárny týždenník  |g Roč. 13, č. 3 (2000), s. 1 a 9  |x 0862-5999 
850 |a Slovenská národná knižnica 
852 |a Slovenská národná knižnica 
954 |a odborná, vedecká literatúra pôvodná (slovenská)  |2 lita 
958 |a article14 
958 |a AT 
958 |a LX 
958 |a SK 
958 |a OND 
958 |a EUIPO 
992 |a RBX 
999 |c 3250521  |d 3252451